=LDR 00000nam 2200000 4500 =001 INLIS000000000028449 =005 20130612130744 =008 ***********************************Ind** =035 ##$$0010-061300000028449 =041 ##$$a Ind =082 ##$$a 813 =090 ##$$a 813, Rus s =100 ##$$a Rusli, Marah =245 ##$$a Sitti Nurbaya kasih tak sampai, Marah Rusli =260 ##$$a 2001 $b Jakarta =300 ##$$a 271 hlm, ilus, 20 cm =650 ##$$a Sastra - Indonesia =850 ##$$a NBPNMAT